01380nam a2200229 450000500170000000800410001704000440005804100080010208200120011010000270012224200400014924500330018925000340022226001210025630000350037750005430041250501050095550600210106054600230108165000210110465000250112520250206150020.0250206s1923 fr ||||fr|||| 001 f fre d aCO-BoUCMbspacSandra YazodSandra Yazo0 afre04220a8431 aMorand, Paul,1888-197600aCerrado de nochecPablo Morandyspa10aFermé la nuitcPaul Morand a131 édition [131 edición] aParís (Francia)bÉditions de la Nouvelle Revue Française ; Impr. F. Paillard [Imprenta de F. Paillard]c1923 a208, [2] páginasc18 x 12 cm aDetalles físicos: Sin encuadernación original, actualmente: Encuadernación rígida (holandesa) en cartón forrado en papel con textura. Lomo en tela, letras en dorado. Cortes decorados. Guardas. Hoja de cortesía. Anteportada. Portada impresa en una sola tinta; grabado con marca tipográfica de los editores: NRF (Nouvelle Revue Française). Texto impreso en una columna, con diferentes tipos y tamaños de letra. Papel con oxidación de tintas en bordes. Páginas 77-80 de menor tamaño. En el colofón indica fecha 19260 aLa noche de Portofino Kulm ; La noche de Charlotenburgo ; La noche de Babilonia ; La noche de Putney aConsulta en sala aTexto en francés 7aNovela francesa  7aLiteratura francesa